LIBRARY & INFORMATION CENTRE, KCAET, TAVANUR

ONLINE PUBLIC ACCESS CATALOGUE (OPAC)

Industrial engineering management science and general mechanical engineering / (Record no. 2671)

MARC details
000 -LEADER
fixed length control field 00510cam a2200193ua 4500
041 ## - LANGUAGE CODE
Language code of text/sound track or separate title eng
082 ## - DEWEY DECIMAL CLASSIFICATION NUMBER
Classification number 658.501
Item number JAI/IN
100 ## - MAIN ENTRY--AUTHOR NAME
Personal name Jain, K C .
245 ## - TITLE STATEMENT
Title Industrial engineering management science and general mechanical engineering /
250 ## - EDITION STATEMENT
Edition statement 1 /
260 ## - PUBLICATION, DISTRIBUTION, ETC. (IMPRINT)
Place of publication Delhi :
Name of publisher Khanna publishers ,
Year of publication 1982.
300 ## - PHYSICAL DESCRIPTION
Number of Pages 485 ; .
700 1# - ADDED ENTRY--PERSONAL NAME
Personal name Agarwal, L N .
942 ## - ADDED ENTRY ELEMENTS (KOHA)
Koha item type Books
Holdings
Withdrawn status Lost status Damaged status Home library Current library Date acquired Full call number Accession Number Koha item type
      KAUAET KAUAET 20/08/1986 658.501 JAI/IN 15450 Books
free website counter